• 首页
  • 本馆介绍
  • 公告通知
  • 最新文献
  • 馆藏检索
  • 电子资源
  • 读者导购
  • 参考咨询
  • 我的图书馆
  • 登录
  • 详细信息显示
  • 放入我的书架
  • 预约/预借图书
  • 作者相关作品
  • 分类相关作品
  • 丛书相关作品
  • 出版社相关作品

书目信息

  • 表格格式
  • 工作单格式
  • 卡片格式
题名:
会展业对国民经济贡献的分析方法与指标体系研究
    
 
作者: 丁烨 著
分册:  
出版信息: 天津   南开大学出版社  2013
页数: 163页
开本: 23cm
丛书名:
单 册:
中图分类: F124.1 , G245
科图分类:
主题词: 展览会--影响--国民经济发展--研究--中国 , 展览会 , 国民经济发展
电子资源:
ISBN: 978-7-310-04197-8
000 01254nam0 2200277 450
001 523
005 20140908161829.71
010    @a978-7-310-04197-8@dCNY25.00
100    @a20130822d2013 kemy0chiy50 ea
101 0  @achi
102    @aCN@b120000
105    @ay z 000yy
106    @ar
200 1  @a会展业对国民经济贡献的分析方法与指标体系研究@AHui Zhan Ye Dui Guo Min Jing Ji Gong Xian De Fen Xi Fang Fa Yu Zhi Biao Ti Xi Yan Jiu@f丁烨著@FDing Ye Zhu
210    @a天津@c南开大学出版社@d2013
215    @a163页@d23cm
300    @a教育部人文社科青年项目
330    @a本书从需求和供给两方面探讨了会展业对国民经济贡献的分析方法。同时探索和构建了会展业对国民经济贡献的指标体系,设计了一组以五个总量指标为核心、前后衔接、互为补充德表式所构成的会展业对国民经济贡献的指标体系,从理论上探索了如何解决既将会展活动放在整个国民经济发展的宏观框架中加以系统核算,又对会展活动进行独立的、统一的核算这两个重大问题,使会展业成为一个相对独立的经济部门,其统计数据与国民经济其他部门具有可比性。
606 0  @a展览会@x影响@x国民经济发展@x研究@y中国
606 0  @a展览会
606 0  @a国民经济发展
690    @aF124.1@v5
690    @aG245@v5
701  0 @a丁烨@ADing Ye@c(对外贸易)@4著
801  0 @aCN@bTANGWEI@c20140603
905    @b0839404-06@dF124.1@e197@f3
    
    会展业对国民经济贡献的分析方法与指标体系研究/丁烨著.-天津:南开大学出版社,2013
    163页;23cm
    教育部人文社科青年项目
    
    ISBN 978-7-310-04197-8:CNY25.00
    本书从需求和供给两方面探讨了会展业对国民经济贡献的分析方法。同时探索和构建了会展业对国民经济贡献的指标体系,设计了一组以五个总量指标为核心、前后衔接、互为补充德表式所构成的会展业对国民经济贡献的指标体系,从理论上探索了如何解决既将会展活动放在整个国民经济发展的宏观框架中加以系统核算,又对会展活动进行独立的、统一的核算这两个重大问题,使会展业成为一个相对独立的经济部门,其统计数据与国民经济其他部门具有可比性。
●
相关链接 在E读中查询图书 在五车中查询图书 在当当中查询图书 在豆瓣中查询图书


正题名:会展业对国民经济贡献的分析方法与指标体系研究     索取号:F124.1/197         预约/预借

序号 登录号 条形码 馆藏地/架位号 状态 备注
1 0839404   208394049   第一样本阅览室/ [索取号:F124.1/197] 在馆    
2 0839405   208394058   第一借阅区/ [索取号:F124.1/197] 在馆    
3 0839406   208394067   第一借阅区/ [索取号:F124.1/197] 在馆    
唐山师范学院图书馆 欢迎您!
大连网信软件有限公司© 版权所有